| 000 | 00584nam a22002297a 4500 | ||
|---|---|---|---|
| 003 | UA-OsUOA | ||
| 001 | 41208 | ||
| 007 | ta | ||
| 008 | 20080721b un ||||| |||| 00| 0 ukr d | ||
| 090 |
_a329(477) _bН30 |
||
| 942 | _cBR | ||
| 040 |
_aUA-OsUOA _bukr _cUA-OsUOA _dUA-OsUOA |
||
| 245 | _aНародний Рух України за перебудову | ||
| 300 | _a39 с. | ||
| 955 | _a1 | ||
| 041 | _aukr | ||
| 080 | _a329(477) | ||
| 260 |
_aК. _b"Смолоскип" _c1989 |
||
| 246 | 3 | 1 | _aПрограма. Статут |
| 650 | 7 |
_a32 Політика _2UDC |
|
| 999 |
_c439710 _d439710 |
||